Entry Personal Name
Number of records used in: 1
001 - CONTROL NUMBER
003 - CONTROL NUMBER IDENTIFIER
005 - DATE AND TIME OF LATEST TRANSACTION
- control field:
20230907121311.0
008 - FIXED-LENGTH DATA ELEMENTS
- fixed length control field:
981216n| azannaabn |n aaa |||
010 ## - LIBRARY OF CONGRESS CONTROL NUMBER
- LC control number:
n 98110680
035 ## - SYSTEM CONTROL NUMBER
- System control number:
(Uk)003624836
040 ## - CATALOGING SOURCE
- Original cataloging agency:
DLC
- Language of cataloging:
eng
- Description conventions:
rda
- Transcribing agency:
DLC
- Modifying agency:
Uk
046 ## - SPECIAL CODED DATES
100 1# - HEADING--PERSONAL NAME
- Personal name:
Daly, Nicholas
370 ## - ASSOCIATED PLACE
- Associated country:
Ireland
- Source of term:
naf
372 ## - FIELD OF ACTIVITY
- Field of activity:
English literature
- Field of activity:
American literature
- Source of term:
lcsh
373 ## - ASSOCIATED GROUP
- Associated group:
University College, Dublin
- Source of term:
naf
374 ## - OCCUPATION
- Occupation:
College teachers
- Source of term:
lcsh
375 ## - GENDER
- Gender:
Males
- Source of term:
lcsh
377 ## - ASSOCIATED LANGUAGE
670 ## - SOURCE DATA FOUND
- Source citation:
Modernism, romance, and the fin de siecle, 1999:
- Information found:
t.p. (Nicholas Daly)
670 ## - SOURCE DATA FOUND
- Source citation:
Ruritania : a cultural history, from The Prisoner of Zenda to The Princess Diaries, 2020:
- Information found:
t.p. (Nicholas Daly) jacket (professor of modern English and American literature at University College Dublin; his publications include "Modernism, romance, and the fin de siecle", "Literature, technology and modernity", "Sensation and modernity in the 1860s", and "The demographic imagination and the nineteenth-century city: Paris, London, New York")